| 000 -LEADER |
| fixed length control field |
00782cas a2200265 a 4500 |
| 022 0# - INTERNATIONAL STANDARD SERIAL NUMBER |
| ISSN |
1940-2627 |
| 040 ## - CATALOGING SOURCE |
| Transcribing agency |
NAB |
| 082 10 - DEWEY DECIMAL CLASSIFICATION NUMBER |
| Classification number |
331 JIS 2006 A069 Or. |
| 245 00 - TITLE STATEMENT |
| Title |
100 fastest-growing careers. |
| 246 3# - VARYING FORM OF TITLE |
| Title proper/short title |
One hundred fastest-growing careers |
| 246 30 - VARYING FORM OF TITLE |
| Title proper/short title |
Fastest-growing careers |
| 260 ## - PUBLICATION, DISTRIBUTION, ETC. (IMPRINT) |
| Place of publication |
Indianapolis : |
| Name of publisher |
JIST Works, |
| Year of publication |
c2006- |
| 300 ## - PHYSICAL DESCRIPTION |
| Number of Pages |
v. : |
| Other physical details |
ill. ; |
| Dimensions |
28 cm. |
| 490 1# - SERIES STATEMENT |
| Series statement |
JIST'S top careers series |
| 500 ## - GENERAL NOTE |
| General note |
"Your complete guidebook to major jobs with the most growth and openings." |
| 650 #0 - SUBJECT ADDED ENTRY--TOPICAL TERM |
| Topical Term |
Employment forecasting |
| 650 #0 - SUBJECT ADDED ENTRY--TOPICAL TERM |
| Topical Term |
Occupations |
| 650 #0 - SUBJECT ADDED ENTRY--TOPICAL TERM |
| Topical Term |
Vocational guidance |
| 650 #0 - SUBJECT ADDED ENTRY--TOPICAL TERM |
| Topical Term |
Job hunting |
| 650 #7 - SUBJECT ADDED ENTRY--TOPICAL TERM |
| Topical Term |
Employment forecasting. |
| 650 #7 - SUBJECT ADDED ENTRY--TOPICAL TERM |
| Topical Term |
Job hunting. |
| 650 #7 - SUBJECT ADDED ENTRY--TOPICAL TERM |
| Topical Term |
Occupations |
| 650 #7 - SUBJECT ADDED ENTRY--TOPICAL TERM |
| Topical Term |
Vocational guidance. |
| 942 ## - ADDED ENTRY ELEMENTS (KOHA) |
| Koha item type |
សៀវភៅភាសាអង់គ្លេស |
| 952 ## - LOCATION AND ITEM INFORMATION (KOHA) |
| Withdrawn status [LOCAL, KOHA] |
0 |